Quiz sur le Tour des Flandres - Statistiques

Statistiques générales
  • Ce quiz a été pris 220 fois
  • Le résultat moyen est 10 sur 15
Statistiques - réponses
Question Réponse % Correct
Pays dans lequel il se déroule Belgique
99%
Mois durant lesquels elle a généralement lieu Avril
92%
Nombre de victoires détenu par ces derniers 3
90%
Sprinteur slovaque vainqueur de la 100e édition en 2016 Peter Sagan
86%
Surnom Vlaanderens Mooiste
84%
Mois durant lesquels elle a généralement lieu Mars
80%
Triple vainqueur dont le père a aussi gagné la course dans les années 80 Mathieu van der Poel
80%
Cycliste belge qui a passé la ligne d'arrivée à pied en levant son vélo pour célébrer sa victoire en 2017 Philippe Gilbert
74%
Nombre de coureurs se partageant le record de victoires 7
72%
Cycliste français qui a affirmé dans les années 80 à propos de la course « Ce n'est plus du cyclisme, mais du cirque, une barbarie ! » Bernard Hinault
62%
Nom en néerlandais Ronde van Vlaanderen
60%
Dernières difficultés avant l'arrivée Paterberg
48%
Dernières difficultés avant l'arrivée Vieux Quaremont
39%
Année de la première édition 1913
34%
Organisateur Flanders Classics
14%
Aucun quiz correspondant
Distribution des résultats
% des personnes avec chaque résultat
Percentile par nombre de réponses
Votre historique - résultats
Vous n’avez pas pris ce quiz